| 000 | 00521nam a2200145Ia 4500 | ||
|---|---|---|---|
| 005 | 20260303095621.0 | ||
| 022 | _a2545-5672 | ||
| 050 | _aRB38 .25 .B39/ | ||
| 245 | _aBayero Journal of Medical Laboratory Science (BJMLS) | ||
| 250 | _aVol. 10, No.1 | ||
| 260 |
_aKano. Nigeria _bDepartment of medical laboratory science, Bayero university, Kano. Nigeria _c2025 |
||
| 300 | _axiv, 205 p. ill.: 25 cm | ||
| 650 | _aClinical Laboratory Techniques Biomedical Technology Chemistry, Clinical--methods | ||
| 942 |
_cSR _2lcc |
||
| 999 |
_c37393 _d37393 |
||